000 00483nam a22001697a 4500
003 LK-CoMWRAF
005 20230922185343.0
008 230922b |||||||| |||| 00| 0 eng d
040 _aLK-CoMWRAF
_dLK-CoMWRAF
_eLK-CoMWRAF
041 _aeng
082 _a297
_bWAH
100 _aWahhab, Shaykh Mohammad Ibn Abdul
245 _aThe Three fundamentals of Islam and their evidenees
260 _aSoudi Arebia :
_bPresidency of Islamic research,
_c1984
650 _aIsalm
942 _cBK
999 _c3613
_d3613